000 00783nam a2200205Ii 4500
003 JO-AjNU
008 230605s9999||||xx |||||||||||||| ||und||
017 _a1978/4504
040 _aJO-AjNU
_bara
_erda
_cJO-AjNU
041 _aara
050 1 4 _aJA76.B6712.1978
100 3 _aبوتومور،المؤلف ،الجوهري ،محمد /شكرى ،علياء/محمد ،محمد علي / الحسيني ، السيد محمد ، ترجمة وتقديم,
_eauthor
_917093
245 0 0 _aالصفوة والمجتمع دراسة في علم الاجتماع السياسى
250 _aط2
264 3 1 _aالقاهرة : دار المعارف ،1978
300 _a174ص
336 _atext
_btxt
_2rdacontent
337 _aunmediated
_bn
_2rdamedia
338 _avolume
_bnc
_2rdacarrier
999 _aA5207
_c8775
_d8775